Tropag & Rural 1975 - 1999/12 : Agriculture and environment for developing regions and abtracts on rural development in the tropics
Zapisane w:
| Format: | Książka |
|---|---|
| Język: | Undetermined |
| Wydane: |
Norwood, MA
SilverPlatter
2000
|
| Hasła przedmiotowe: | |
| Etykiety: |
Dodaj etykietę
Nie ma etykietki, Dołącz pierwszą etykiete!
|
| Thư viện lưu trữ: | Trung tâm Học liệu Trường Đại học Cần Thơ |
|---|
| LEADER | 00612nam a2200181Ia 4500 | ||
|---|---|---|---|
| 001 | CTU_237764 | ||
| 008 | 210402s9999 xx 000 0 und d | ||
| 082 | |a 631.583 | ||
| 082 | |b T856 | ||
| 245 | 0 | |a Tropag & Rural 1975 - 1999/12 : | |
| 245 | 0 | |b Agriculture and environment for developing regions and abtracts on rural development in the tropics | |
| 260 | |a Norwood, MA | ||
| 260 | |b SilverPlatter | ||
| 260 | |c 2000 | ||
| 650 | |a Nông nghiệp,Agriculture | ||
| 650 | |x Khía cạnh môi trường,Environmental aspects | ||
| 904 | |i Năm | ||
| 980 | |a Trung tâm Học liệu Trường Đại học Cần Thơ | ||